000 00600nam a2200217 u 4500
005 20231013190909.0
008 181121s2008 es r 000 0 spa d
020 _a9788424190163
035 _aUPN01000228004
049 _aI
050 4 _aML1090
_bH3.5
100 1 _aHarrison, Ingrid
_939035
245 1 0 _aMúsica digital /
_cIngrid Harrison ; tr. Azucena Viloria.
260 _aLeón, Esp. :
_bEverest,
_c2008.
300 _a23 p. :
_bil. col.
440 0 _aClaro
650 4 _aGrabaciones sonoras
_927521
650 4 _aEQUIPOS DE SONIDO
_927520
905 _aInfantil
999 _c200099
_d200099